Clinical Endocrinology and Diabetes: (Record no. 4889)

MARC details
000 -LEADER
fixed length control field 00911cam a22002894a 4500
001 - CONTROL NUMBER
control field 14164487
003 - CONTROL NUMBER IDENTIFIER
control field OSt
005 - DATE AND TIME OF LATEST TRANSACTION
control field 20200207170342.0
008 - FIXED-LENGTH DATA ELEMENTS--GENERAL INFORMATION
fixed length control field 051103s2006 nyua 001 0 eng
010 ## - LIBRARY OF CONGRESS CONTROL NUMBER
LC control number 2005056901
020 ## - INTERNATIONAL STANDARD BOOK NUMBER
International Standard Book Number 0443073031
035 ## - SYSTEM CONTROL NUMBER
System control number (DLC)2005056901
035 ## - SYSTEM CONTROL NUMBER
System control number (DLC)2113
040 ## - CATALOGING SOURCE
Original cataloging agency DLC
Transcribing agency DLC
Modifying agency DLC
042 ## - AUTHENTICATION CODE
Authentication code pcc
082 ## - DEWEY DECIMAL CLASSIFICATION NUMBER
Classification number WB105 C61m 2006
100 1# - MAIN ENTRY--PERSONAL NAME
Personal name Chew, Shern L.; Leslie, David
9 (RLIN) 10505
245 10 - TITLE STATEMENT
Title Clinical Endocrinology and Diabetes:
Remainder of title an illustrated colour text
260 ## - PUBLICATION, DISTRIBUTION, ETC. (IMPRINT)
Place of publication, distribution, etc. New York;
Name of publisher, distributor, etc. Churchill Livingstone,
Date of publication, distribution, etc. 2006.
300 ## - PHYSICAL DESCRIPTION
Extent vii, 112 p. :
Other physical details col.ill;
Dimensions 30 cm.
500 ## - GENERAL NOTE
General note Includes index.
650 #0 - SUBJECT ADDED ENTRY--TOPICAL TERM
Topical term or geographic name as entry element Endocrinology.
9 (RLIN) 2229
650 #0 - SUBJECT ADDED ENTRY--TOPICAL TERM
Topical term or geographic name as entry element Diabetes.
9 (RLIN) 2432
906 ## - LOCAL DATA ELEMENT F, LDF (RLIN)
a 7
b cbc
c orignew
d 1
e ocip
f 20
g y-gencatlg
942 ## - ADDED ENTRY ELEMENTS (KOHA)
Source of classification or shelving scheme Other/Generic Classification Scheme
Koha item type Open Shelf
Holdings
Withdrawn status Lost status Source of classification or shelving scheme Damaged status Not for loan Home library Current library Date acquired Source of acquisition Inventory number Total Checkouts Full call number Barcode Date last seen Koha item type
    Other/Generic Classification Scheme     MUST Main Library MUST Main Library 29/07/2016 Purchase 10/32332   WB105 C61m 2006 2016-3477 29/07/2016 Open Shelf
    Other/Generic Classification Scheme     MUST Main Library MUST Main Library 07/02/2020 Purchase 10/32487   WB105 C61m 2006 2020-0439 07/02/2020 Open Shelf